[Event "FIDE World Ch (w)"]
[Site "Moscow RUS"]
[Date "2001.11.28"]
[Round "1.2"]
[White "Stepovaya-Dianchenko, Tatiana"]
[Black "Mohota, Nisha"]
[Result "1-0"]
[WhiteElo "2451"]
[BlackElo "2236"]
[EventDate "2001.11.27"]
[PlyCount "82"]

1.e4 d5 2.exd5 Qxd5 3.Nc3 Qa5 4.Be2 Nf6 5.Nf3 c6 6.O-O Bg4 7.h3 Bh5 8.b4 
Qc7 9.b5 e6 10.bxc6 bxc6 11.d4 Bb4 12.Na4 Nbd7 13.c4 Be7 14.Be3 O-O 15.Nc3
Rab8 16.Qc1 Qa5 17.c5 Nd5 18.Nxd5 exd5 19.a4 Rfe8 20.Bd2 Qd8 21.Re1 Bxf3 
22.Bxf3 Bf6 23.Rxe8+ Qxe8 24.Qc3 Nf8 25.Bf4 Ne6 26.Bxb8 Bxd4 27.Qb4 Bxa1 
28.Bxa7 Be5 29.a5 Qa8 30.Bb6 Nd4 31.Bd1 g5 32.Qd2 f6 33.g3 Nb5 34.Be2 Nc3 
35.Bd3 Bd4 36.a6 Qb8 37.Kg2 Kg7 38.a7 Qb7 39.Qe1 Kf7 40.Bf5 Ne4 41.Bxe4 
dxe4 1-0

[Event "FIDE World Ch (w)"]
[Site "Moscow RUS"]
[Date "2001.11.27"]
[Round "1.1"]
[White "Skripchenko-Lautier, Almira"]
[Black "Phan-Koshnitsky, Ngan"]
[Result "1-0"]
[WhiteElo "2497"]
[BlackElo "2182"]
[EventDate "2001.11.27"]
[PlyCount "95"]

1.e4 e5 2.Nf3 Nc6 3.d4 exd4 4.Nxd4 Bc5 5.Nxc6 Qf6 6.Qd2 bxc6 7.Nc3 Ne7 8.
Na4 Bb6 9.Bd3 O-O 10.Nxb6 axb6 11.f4 d5 12.e5 Qh4+ 13.g3 Qh3 14.b3 Nf5 15.
Bf1 Qg4 16.Bg2 Ba6 17.Kf2 Rad8 18.Re1 h5 19.Qc3 c5 20.Bd2 h4 21.a4 Bb7 22.
Qf3 Qg6 23.c3 Nh6 24.Kg1 Ba8 25.Bh3 f5 26.Qf2 hxg3 27.Qxg3 Qh5 28.a5 Rde8 
29.Bg2 Re6 30.Qf3 Qe8 31.axb6 Rg6 32.Rxa8 Qxa8 33.bxc7 Qc6 34.c4 Qxc7 35.
cxd5 Qb6 36.Kh1 Ng4 37.h3 c4 38.bxc4 Nf2+ 39.Kh2 Ne4 40.Qe3 Qb2 41.Bxe4 
fxe4 42.Re2 Qb1 43.d6 Qf1 44.Qf2 Qxf2+ 45.Rxf2 Re6 46.Be3 Kh7 47.c5 Rc8 
48.c6 1-0

[Event "FIDE World Ch (w)"]
[Site "Moscow RUS"]
[Date "2001.11.28"]
[Round "1.2"]
[White "Peptan, Corina-Isabela"]
[Black "Starr, Nava"]
[Result "1-0"]
[WhiteElo "2465"]
[BlackElo "2200"]
[EventDate "2001.11.27"]
[PlyCount "87"]

1.e4 g6 2.d4 Bg7 3.Nc3 c6 4.Nf3 d5 5.Bf4 dxe4 6.Nxe4 Bg4 7.Bc4 Qa5+ 8.Qd2 
Qxd2+ 9.Nexd2 Bxf3 10.Nxf3 Nd7 11.O-O-O Ngf6 12.Rhe1 e6 13.Bb3 O-O 14.h3 
Rfd8 15.c3 Rac8 16.Bg5 h6 17.Bh4 c5 18.Bxf6 Bxf6 19.d5 c4 20.dxe6 cxb3 21.
exd7 bxa2 22.Kc2 Rc7 23.Kb3 Rcxd7 24.Rxd7 Rxd7 25.Kxa2 Kg7 26.Kb3 Bd8 27.
Re2 Bb6 28.Nd2 g5 29.Kc2 f5 30.Nc4 Bc7 31.Re6 f4 32.f3 Kh7 33.Nd2 Kg7 34.
Ne4 b6 35.Nf6 Rf7 36.Nd5 Rd7 37.Re7+ Rxe7 38.Nxe7 Kf7 39.Nc6 a5 40.Kd3 Ke6
41.Ke4 Bd6 42.Nd4+ Kf6 43.Kd5 Bc5 44.Nb5 1-0

[Event "FIDE World Ch (w)"]
[Site "Moscow RUS"]
[Date "2001.11.27"]
[Round "1.1"]
[White "Arouche, Farida"]
[Black "Xu Yuhua"]
[Result "0-1"]
[WhiteElo "2077"]
[BlackElo "2485"]
[EventDate "2001.11.27"]
[PlyCount "76"]

1.c4 c5 2.Nf3 Nc6 3.Nc3 e5 4.e4 d6 5.Be2 g6 6.d3 Bg7 7.O-O Nge7 8.Ne1 O-O 
9.Nc2 f5 10.Ne3 f4 11.Ned5 Nd4 12.f3 Bd7 13.Bd2 g5 14.g3 Nec6 15.Rb1 a5 
16.a3 a4 17.Rf2 Na5 18.Kh1 Nab3 19.Bf1 h5 20.Ne2 fxg3 21.Nxg3 h4 22.Nh5 
Nxd2 23.Qxd2 Bh6 24.Be2 Bg4 25.Nhf6+ Rxf6 26.Nxf6+ Qxf6 27.Rg1 Bh5 28.Bd1 
Qf4 29.Qxf4 exf4 30.Re1 Bg7 31.Kg2 Nc6 32.Rd2 Bd4 33.Be2 Be3 34.Rdd1 Nd4 
35.Rb1 h3+ 36.Kxh3 Nxe2 37.Rxe2 Bxf3 38.Ree1 Kg7 0-1

[Event "FIDE World Ch (w)"]
[Site "Moscow RUS"]
[Date "2001.11.27"]
[Round "1.1"]
[White "Paridar, Shadi"]
[Black "Kovalevskaya, Ekaterina"]
[Result "1/2-1/2"]
[WhiteElo "2071"]
[BlackElo "2486"]
[EventDate "2001.11.27"]
[PlyCount "145"]

1.e4 c5 2.c3 Nf6 3.e5 Nd5 4.d4 cxd4 5.Nf3 Nc6 6.Bc4 Nb6 7.Bb3 d6 8.exd6 
Qxd6 9.O-O Be6 10.Bxe6 Qxe6 11.Nxd4 Nxd4 12.Qxd4 Rd8 13.Qh4 Qe2 14.Be3 
Qxb2 15.Nd2 Rxd2 16.Bxd2 Qxd2 17.Rfd1 Qh6 18.Qg3 Qc6 19.Rab1 Nc8 20.Qd3 
Nd6 21.c4 f6 22.Qa3 a6 23.c5 Ne4 24.Rb6 Qxc5 25.Qa4+ Kf7 26.Qb3+ Kg6 27.
Qb1 Kh6 28.Rb4 f5 29.Qb2 b5 30.Rbd4 e5 31.Rd8 Qc3 32.Qxc3 Nxc3 33.R1d2 Ne4
34.Rc2 g6 35.Rcc8 Kg7 36.Rd7+ Kf6 37.Rdd8 Ke7 38.Re8+ Kf7 39.Red8 Ng5 40.
Ra8 Ne6 41.Rdb8 Bg7 42.Rb7+ Kf6 43.Rxa6 Re8 44.Rxb5 Bf8 45.Rbb6 Kf7 46.a4 
Rd8 47.g3 Nc5 48.Ra7+ Be7 49.a5 Rd1+ 50.Kg2 e4 51.Rc6 Ne6 52.a6 Ra1 53.Rb7
Nd8 54.Rcb6 Ke8 55.Rb8 Ra2 56.Kf1 Kd7 57.R8b7+ Ke8 58.Rc7 f4 59.gxf4 Bh4 
60.Rxh7 Bxf2 61.Rxg6 Nf7 62.Rg8+ Ke7 63.Rgg7 Bd4 64.Rxf7+ Ke6 65.Re7+ Kf5 
66.Rhf7+ Kg4 67.Rxe4 Kf3 68.Rfe7 Bf2 69.Re1 Bxe1 70.Kxe1 Rxa6 71.f5 Rf6 
72.Re5 Kf4 73.Ra5 1/2-1/2

[Event "FIDE World Ch (w)"]
[Site "Moscow RUS"]
[Date "2001.11.27"]
[Round "1.1"]
[White "Wang Pin"]
[Black "Chaves, Joara"]
[Result "1-0"]
[WhiteElo "2498"]
[BlackElo "2079"]
[EventDate "2001.11.27"]
[PlyCount "131"]

1.e4 e5 2.Nf3 Nc6 3.Bb5 Nf6 4.O-O Nxe4 5.d4 Nd6 6.Bxc6 dxc6 7.dxe5 Nf5 8.
Qxd8+ Kxd8 9.Nc3 h6 10.h3 Bd7 11.Rd1 Kc8 12.b3 b6 13.Bb2 Ne7 14.Ne2 Ng6 
15.a4 a5 16.Ng3 Nf4 17.Bc1 Ng6 18.Nh5 c5 19.Bb2 Rg8 20.c4 Bc6 21.Ne1 Kb7 
22.f4 Nh4 23.Kf2 Nf5 24.Nf3 Be7 25.g4 Nh4 26.Ne1 g6 27.Ng3 Rae8 28.Nf1 Kc8
29.Ne3 Bd8 30.Rd2 Rgf8 31.Nd5 Bd7 32.Rad1 Be6 33.Kg3 h5 34.Nf6 Bxf6 35.
exf6 hxg4 36.hxg4 Rh8 37.Nc2 Kb7 38.Rh2 g5 39.fxg5 Ng6 40.Rxh8 Rxh8 41.Ne3
c6 42.Nf5 Kc7 43.Ne7 Nf8 44.Be5+ Kb7 45.Bc3 b5 46.axb5 cxb5 47.Bxa5 bxc4 
48.bxc4 Ka6 49.Bc3 Bxc4 50.Ra1+ Kb7 51.Rb1+ Ka6 52.Nc8 Bb5 53.Nd6 Bd3 54.
Ra1+ Kb6 55.Nxf7 Rh7 56.Ne5 Be4 57.Re1 Bc2 58.Re2 Bg6 59.Nxg6 Nxg6 60.Re8 
Rd7 61.Rg8 Rd3+ 62.Kf2 Nh4 63.Ke2 Rxc3 64.f7 Rc2+ 65.Kd3 Ng6 66.Rxg6+ 1-0

[Event "FIDE World Ch (w)"]
[Site "Moscow RUS"]
[Date "2001.11.28"]
[Round "1.2"]
[White "Chaves, Joara"]
[Black "Wang Pin"]
[Result "1/2-1/2"]
[WhiteElo "2050"]
[BlackElo "2504"]
[EventDate "2001.11.27"]
[PlyCount "43"]

1.e4 c5 2.Nc3 Nc6 3.f4 e6 4.Nf3 a6 5.g3 d5 6.d3 Nf6 7.e5 Nd7 8.Bg2 Be7 9.
a4 Rb8 10.O-O b5 11.axb5 axb5 12.Kh1 b4 13.Ne2 O-O 14.Be3 Qb6 15.Qe1 Bb7 
16.g4 Ra8 17.Qg3 Rxa1 18.Rxa1 Ra8 19.Rf1 Ra2 20.Bc1 c4 21.dxc4 dxc4 22.c3 
1/2-1/2

[Event "FIDE World Ch (w)"]
[Site "Moscow RUS"]
[Date "2001.11.29"]
[Round "2.1"]
[White "Galliamova, Alisa"]
[Black "Kiseleva, Natalia"]
[Result "1-0"]
[WhiteElo "2547"]
[BlackElo "2382"]
[EventDate "2001.11.27"]
[PlyCount "51"]

1.d4 Nf6 2.c4 g6 3.Nc3 Bg7 4.e4 d6 5.f3 O-O 6.Nge2 e5 7.Bg5 h6 8.Be3 exd4 
9.Nxd4 Nbd7 10.Qd2 Re8 11.O-O-O Kh7 12.g4 Ne5 13.Be2 c6 14.h4 Ng8 15.Rdg1 
a6 16.f4 c5 17.Nb3 Nc6 18.h5 b5 19.g5 b4 20.gxh6 Bh8 21.hxg6+ fxg6 22.Nd5 
Nf6 23.Bd3 Nxe4 24.Qg2 Bf5 25.Nd2 Qa5 26.Nxe4 1-0

[Event "FIDE World Ch (w)"]
[Site "Moscow RUS"]
[Date "2001.11.30"]
[Round "2.2"]
[White "Kiseleva, Natalia"]
[Black "Galliamova, Alisa"]
[Result "0-1"]
[WhiteElo "2382"]
[BlackElo "2547"]
[EventDate "2001.11.27"]
[PlyCount "60"]

1.d4 d5 2.c4 c6 3.Nf3 Nf6 4.Nc3 e6 5.g3 Nbd7 6.Bg2 dxc4 7.O-O Be7 8.Qc2 
O-O 9.Rd1 b5 10.Ng5 h6 11.Bxc6 Rb8 12.Nf3 b4 13.Na4 Ba6 14.e4 Qc8 15.d5 b3
16.Qb1 Nc5 17.Nc3 exd5 18.exd5 Nd3 19.Be3 Bb7 20.Bxb7 Rxb7 21.Kg2 Bc5 22.
Rd2 Bxe3 23.fxe3 Qf5 24.axb3 Ng4 25.Qg1 Re8 26.e4 Rxe4 27.Nxe4 Qxe4 28.Qh1
Nde5 29.Rf2 Nxf2 30.Kxf2 Rxb3 0-1

[Event "FIDE World Ch (w)"]
[Site "Moscow RUS"]
[Date "2001.11.29"]
[Round "2.1"]
[White "Xu Yuhua"]
[Black "Danielian, Elina"]
[Result "1-0"]
[WhiteElo "2502"]
[BlackElo "2395"]
[EventDate "2001.11.27"]
[PlyCount "91"]

1.e4 c6 2.d4 d5 3.Nc3 dxe4 4.Nxe4 Nd7 5.Ng5 Ngf6 6.Bd3 e6 7.N1f3 Bd6 8.Qe2
h6 9.Ne4 Nxe4 10.Qxe4 c5 11.O-O Qc7 12.Qg4 g5 13.Qh3 c4 14.Be2 Rg8 15.Nd2 
g4 16.Qxh6 Bf4 17.Qh4 b5 18.Ne4 Bb7 19.f3 Rg6 20.g3 Bxc1 21.Raxc1 Qc6 22.
Rce1 Kf8 23.Bd1 Kg7 24.fxg4 f6 25.g5 f5 26.Bf3 Qc7 27.Nc3 Bxf3 28.Rxf3 Qc6
29.Qf4 b4 30.Nd1 Nb6 31.Ne3 Rd8 32.h4 Kg8 33.c3 bxc3 34.bxc3 Rg7 35.h5 Na4
36.d5 Qb6 37.h6 Rg6 38.Qxc4 Nb2 39.Qb3 Rxg5 40.dxe6 Qxb3 41.axb3 f4 42.e7 
Re8 43.Nf1 Rg6 44.Rxf4 Nd3 45.Rf8+ Rxf8 46.h7+ 1-0

[Event "FIDE World Ch (w)"]
[Site "Moscow RUS"]
[Date "2001.11.30"]
[Round "2.2"]
[White "Danielian, Elina"]
[Black "Xu Yuhua"]
[Result "1/2-1/2"]
[WhiteElo "2395"]
[BlackElo "2502"]
[EventDate "2001.11.27"]
[PlyCount "89"]

1.Nf3 c5 2.g3 Nc6 3.Bg2 g6 4.c3 Bg7 5.d4 cxd4 6.cxd4 d5 7.Nc3 e6 8.O-O 
Nge7 9.Bf4 O-O 10.g4 h6 11.h4 e5 12.Nxe5 Nxe5 13.dxe5 Bxg4 14.Rc1 Nf5 15.
Qxd5 Qxh4 16.Rfd1 Rae8 17.Bh2 Qh5 18.Ne4 Nh4 19.f3 Be6 20.Qd4 b6 21.Rc7 
Bf5 22.Ng3 Qg5 23.f4 Qg4 24.Bf3 Qxf3 25.exf3 Nxf3+ 26.Kg2 Nxd4 27.Rxd4 Rc8
28.Rxc8 Bxc8 29.Ne4 Bb7 30.Kg3 Bxe4 31.Rxe4 Rd8 32.Bg1 Rd3+ 33.Kg2 Rd2+ 
34.Kf3 Rxb2 35.Ra4 Bf8 36.Rxa7 Bc5 37.Bxc5 bxc5 38.a4 Rb4 39.a5 Ra4 40.
Ra8+ Kg7 41.a6 h5 42.Ra7 Kg8 43.Ra8+ Kg7 44.Ra7 Kg8 45.Ra8+ 1/2-1/2

[Event "FIDE World Ch (w)"]
[Site "Moscow RUS"]
[Date "2001.11.29"]
[Round "2.1"]
[White "Pahtz, Elisabeth"]
[Black "Wang Pin"]
[Result "1-0"]
[WhiteElo "2390"]
[BlackElo "2504"]
[EventDate "2001.11.27"]
[PlyCount "65"]

1.e4 c5 2.Nf3 d6 3.d4 cxd4 4.Nxd4 Nf6 5.Nc3 a6 6.Bg5 e6 7.f4 Nbd7 8.Qf3 
Qc7 9.O-O-O b5 10.Bd3 Bb7 11.Rhe1 O-O-O 12.Kb1 Qb6 13.Nb3 Be7 14.a4 h6 15.
Bxf6 Bxf6 16.axb5 Bxc3 17.bxc3 axb5 18.Qh5 Nc5 19.Qxf7 Rd7 20.Qg6 Na4 21.
Qxe6 Nxc3+ 22.Kb2 Nxd1+ 23.Rxd1 Kc7 24.Be2 Rdd8 25.e5 Kb8 26.Bh5 Qe3 27.
Rxd6 Rc8 28.Bg6 Qxf4 29.Rb6 Rc7 30.Qd6 Rc8 31.Nd4 Ka8 32.Nxb5 Rc4 33.Ra6+ 
1-0

[Event "FIDE World Ch (w)"]
[Site "Moscow RUS"]
[Date "2001.11.30"]
[Round "2.2"]
[White "Wang Pin"]
[Black "Pahtz, Elisabeth"]
[Result "1/2-1/2"]
[WhiteElo "2504"]
[BlackElo "2390"]
[EventDate "2001.11.27"]
[PlyCount "129"]

1.e4 c5 2.Nf3 d6 3.d4 cxd4 4.Nxd4 Nf6 5.Nc3 a6 6.Be3 e5 7.Nb3 Be6 8.f3 
Nbd7 9.g4 h6 10.Qd2 b5 11.O-O-O Nb6 12.Qf2 Nfd7 13.Kb1 Rc8 14.h4 Nc4 15.
Bxc4 Rxc4 16.g5 h5 17.Nd5 g6 18.Nd2 Rc8 19.f4 Bg7 20.Nb3 exf4 21.Nxf4 Qe7 
22.Bd4 Ne5 23.Nd5 Bxd5 24.exd5 O-O 25.Rhe1 Qc7 26.c3 Rfe8 27.Qg3 Qd7 28.
Na5 Qf5+ 29.Ka1 Qc2 30.Rc1 Qf5 31.Nc6 Nd3 32.Rf1 Qxd5 33.Rcd1 Qxc6 34.Bxg7
Kxg7 35.Rxd3 Re6 36.Rdf3 Rc7 37.Qf2 Qe8 38.a3 Rce7 39.Ka2 Re4 40.Rf6 Qd7 
41.Rd1 R7e6 42.Rf3 Re7 43.Rf6 R7e6 44.Rf3 Re7 45.Rfd3 Qe6+ 46.Ka1 Rd7 47.
Rf3 Qb3 48.Rfd3 Qe6 49.Rf1 Re2 50.Qd4+ Qe5 51.Qxe5+ Rxe5 52.Rd4 d5 53.Ka2 
Re4 54.Rf6 Re6 55.Rdf4 Rxf6 56.Rxf6 d4 57.cxd4 Rxd4 58.Rxa6 Rxh4 59.Rb6 
Rg4 60.Rxb5 h4 61.Rc5 h3 62.Rc3 Rh4 63.Rc1 h2 64.Rh1 f6 65.gxf6+ 1/2-1/2

[Event "FIDE World Ch (w)"]
[Site "Moscow RUS"]
[Date "2001.11.29"]
[Round "2.1"]
[White "Zielinska, Marta"]
[Black "Skripchenko-Lautier, Almira"]
[Result "0-1"]
[WhiteElo "2399"]
[BlackElo "2494"]
[EventDate "2001.11.27"]
[PlyCount "70"]

1.d4 d5 2.c4 dxc4 3.e3 e6 4.Bxc4 a6 5.Nf3 c5 6.Qe2 b5 7.Bb3 Bb7 8.dxc5 Nd7
9.e4 Nxc5 10.Bc2 Nf6 11.e5 Nd5 12.a3 Be7 13.O-O Rc8 14.Rd1 Qc7 15.Nd4 Nd7 
16.Re1 Bc5 17.Nxe6 fxe6 18.Qh5+ Kd8 19.Bg5+ Be7 20.Bxe7+ Kxe7 21.Nc3 Nxc3 
22.bxc3 Bd5 23.Bxh7 Nf8 24.Qg5+ Ke8 25.Bd3 Qe7 26.Qe3 Qh4 27.h3 g5 28.Reb1
Qf4 29.Qa7 Rxh3 30.gxh3 Qf3 31.Bxb5+ axb5 32.Kf1 Qxh3+ 33.Ke1 Qxc3+ 34.Kf1
Qh3+ 35.Ke1 Rc2 0-1

[Event "FIDE World Ch (w)"]
[Site "Moscow RUS"]
[Date "2001.11.30"]
[Round "2.2"]
[White "Skripchenko-Lautier, Almira"]
[Black "Zielinska, Marta"]
[Result "0-1"]
[WhiteElo "2494"]
[BlackElo "2399"]
[EventDate "2001.11.27"]
[PlyCount "64"]

1.e4 e6 2.d3 c5 3.Nf3 Nc6 4.c3 Nge7 5.h4 d5 6.Nbd2 b6 7.h5 h6 8.a3 a5 9.a4
Ba6 10.Nb1 Qc7 11.Na3 Rd8 12.Qc2 g5 13.hxg6 Nxg6 14.Nb5 Bxb5 15.axb5 Na7 
16.c4 Bg7 17.g3 dxe4 18.dxe4 Nc8 19.Be2 Nd6 20.Be3 Qb7 21.Bd3 f5 22.Nd2 
Ne5 23.Be2 Nxe4 24.O-O-O Rxd2 25.Bxd2 Nxf2 26.Bh5+ Ke7 27.Bg5+ hxg5 28.
Qxf2 Qxh1 29.Qd2 Qxh5 30.Qd6+ Kf7 31.Qc7+ Kf6 32.Qxb6 Qe2 0-1

[Event "FIDE World Ch (w)"]
[Site "Moscow RUS"]
[Date "2001.11.30"]
[Round "2.3"]
[White "Zielinska, Marta"]
[Black "Skripchenko-Lautier, Almira"]
[Result "0-1"]
[WhiteElo "2399"]
[BlackElo "2494"]
[EventDate "2001.11.27"]
[PlyCount "106"]

1.d4 d5 2.Nf3 Nf6 3.e3 c5 4.b3 cxd4 5.exd4 Nc6 6.a3 Bg4 7.Bb2 e6 8.Bd3 Bd6
9.h3 Bh5 10.Nbd2 Qb6 11.O-O O-O 12.Re1 Bf4 13.Nf1 Rac8 14.Rb1 Rfd8 15.Qe2 
Bb8 16.Rbd1 a5 17.g4 Bg6 18.Bxg6 hxg6 19.Qd3 a4 20.N1d2 axb3 21.cxb3 Bf4 
22.b4 Ne7 23.Rc1 Rxc1 24.Bxc1 Rc8 25.Bb2 Qd6 26.Kf1 Nd7 27.Rc1 Ra8 28.Rc2 
Nb6 29.Ne5 Bxd2 30.Rxd2 g5 31.Re2 f6 32.Nf3 Nc4 33.Bc1 Kf7 34.Qh7 Ng6 35.
Nxg5+ fxg5 36.Qh5 Qh2 37.Rxe6 Kxe6 38.Qxg6+ Kd7 39.Qf7+ Kc6 40.b5+ Kb6 41.
Qxd5 Qxh3+ 42.Ke2 Qxg4+ 43.Kf1 Rc8 44.Bxg5 Nxa3 45.Bd8+ Ka7 46.b6+ Ka6 47.
Bc7 Qd1+ 48.Kg2 Qa4 49.Qe4 Nb5 50.Qf5 Rh8 51.d5 Qd1 52.d6 Nxd6 53.Qc5 Qh1+
0-1

[Event "FIDE World Ch (w)"]
[Site "Moscow RUS"]
[Date "2001.11.29"]
[Round "2.1"]
[White "Kovalevskaya, Ekaterina"]
[Black "Mkrtchian, Lilit"]
[Result "1/2-1/2"]
[WhiteElo "2507"]
[BlackElo "2376"]
[EventDate "2001.11.27"]
[PlyCount "61"]

1.d4 d5 2.c4 e6 3.Nc3 Be7 4.cxd5 exd5 5.Bf4 c6 6.e3 Bd6 7.Bg3 Ne7 8.Nf3 
O-O 9.Qb3 Bc7 10.Bd3 Nd7 11.Bh4 Re8 12.e4 Nf8 13.e5 f6 14.O-O Neg6 15.Bg3 
fxe5 16.dxe5 Nxe5 17.Nxe5 Bxe5 18.f4 Bd4+ 19.Kh1 Qb6 20.Qc2 Bf6 21.Na4 Qd8
22.f5 Re7 23.Rad1 Bd7 24.Nc5 Be8 25.Rde1 b6 26.Ne6 Qd7 27.Nc7 Rd8 28.Ne6 
Ra8 29.Nc7 Rd8 30.Ne6 Ra8 31.Nc7 1/2-1/2

[Event "FIDE World Ch (w)"]
[Site "Moscow RUS"]
[Date "2001.11.30"]
[Round "2.2"]
[White "Mkrtchian, Lilit"]
[Black "Kovalevskaya, Ekaterina"]
[Result "0-1"]
[WhiteElo "2376"]
[BlackElo "2507"]
[EventDate "2001.11.27"]
[PlyCount "70"]

1.e4 c5 2.Nf3 Nc6 3.d4 cxd4 4.Nxd4 Nf6 5.Nc3 d6 6.Be2 g6 7.O-O Bg7 8.Nb3 
O-O 9.Bg5 a6 10.a4 Be6 11.Re1 Rc8 12.Bf1 h6 13.Bh4 Nd7 14.Qd2 Nb6 15.Nd5 
g5 16.Bg3 Bxb2 17.Rab1 Nxa4 18.h4 Bxd5 19.exd5 Bc3 20.Qe2 Ne5 21.hxg5 hxg5
22.Qh5 Ng6 23.Bd3 Kg7 24.Qg4 Nc5 25.Nd4 Bxd4 26.Qxd4+ f6 27.Bf5 Rc7 28.f4 
gxf4 29.Bxf4 Nxf4 30.Qxf4 Rh8 31.Re3 Qe8 32.Rbe1 Kf8 33.Bg6 Qxg6 34.Rxe7 
Rxe7 35.Qxd6 Ne4 0-1

[Event "FIDE World Ch (w)"]
[Site "Moscow RUS"]
[Date "2001.11.30"]
[Round "2.2"]
[White "Gaponenko, Inna"]
[Black "Maric, Alisa"]
[Result "1/2-1/2"]
[WhiteElo "2409"]
[BlackElo "2457"]
[EventDate "2001.11.27"]
[PlyCount "89"]

1.b3 d5 2.Bb2 c5 3.e3 a6 4.Nf3 Nc6 5.d4 cxd4 6.Nxd4 e6 7.g3 Nf6 8.Bg2 Bb4+
9.c3 Bc5 10.c4 Nxd4 11.exd4 Be7 12.Nd2 O-O 13.O-O b6 14.Rc1 a5 15.Nf3 Bb7 
16.Ne5 Rc8 17.a3 Rc7 18.Re1 Qa8 19.Qd2 dxc4 20.Bxb7 c3 21.Rxc3 Qxb7 22.
Rxc7 Qxc7 23.Rc1 Qb7 24.Nc6 Nd5 25.Qd3 Bg5 26.f4 Bf6 27.Qb5 Qd7 28.a4 Qd6 
29.Ne5 Rd8 30.Rc6 Qf8 31.Nc4 g6 32.Kg2 Qg7 33.Nxb6 Bxd4 34.Nxd5 exd5 35.
Qxa5 Re8 36.Bc1 Re2+ 37.Kf1 Rf2+ 38.Ke1 Qf8 39.Qb5 Qe8+ 40.Kd1 Qe4 41.Bd2 
Qf3+ 42.Kc2 Qe4+ 43.Kd1 Qf3+ 44.Kc2 Qe4+ 45.Kd1 1/2-1/2

[Event "FIDE World Ch (w)"]
[Site "Moscow RUS"]
[Date "2001.11.29"]
[Round "2.1"]
[White "Peptan, Corina-Isabela"]
[Black "Grabuzova, Tatiana"]
[Result "1/2-1/2"]
[WhiteElo "2465"]
[BlackElo "2399"]
[EventDate "2001.11.27"]
[PlyCount "80"]

1.e4 e5 2.Nf3 Nc6 3.Bb5 Nf6 4.O-O Nxe4 5.d4 Nd6 6.Bxc6 dxc6 7.dxe5 Ne4 8.
Qxd8+ Kxd8 9.Re1 Nc5 10.Nc3 Bg4 11.Nd4 Ne6 12.Re4 c5 13.Nxe6+ Bxe6 14.Bf4 
Kd7 15.Re2 Be7 16.Ne4 h6 17.Be3 Kc6 18.f4 Rad8 19.h3 h5 20.a3 a5 21.a4 b6 
22.Bf2 Rd7 23.Nc3 Rhd8 24.Be3 Bh4 25.Bf2 Bxf2+ 26.Rxf2 Bf5 27.Re1 Rd2 28.
Ree2 Rxe2 29.Rxe2 Rd4 30.Rf2 Rb4 31.b3 Rd4 32.Kh2 g6 33.Kg3 c4 34.Nb5 Rd7 
35.Kh4 cxb3 36.cxb3 Bd3 37.Rd2 Bf5 38.Rf2 Bd3 39.Rd2 Bf5 40.Rf2 Bd3 
1/2-1/2

[Event "FIDE World Ch (w)"]
[Site "Moscow RUS"]
[Date "2001.11.30"]
[Round "2.2"]
[White "Grabuzova, Tatiana"]
[Black "Peptan, Corina-Isabela"]
[Result "0-1"]
[WhiteElo "2399"]
[BlackElo "2465"]
[EventDate "2001.11.27"]
[PlyCount "138"]

1.b3 Nf6 2.Bb2 g6 3.Nf3 Bg7 4.c4 c5 5.g3 Nc6 6.Bg2 O-O 7.O-O d6 8.d4 cxd4 
9.Nxd4 Qb6 10.Nxc6 bxc6 11.Nc3 Rb8 12.e4 Be6 13.Qe2 Qa5 14.Na4 Nd7 15.Bxg7
Kxg7 16.Rac1 f6 17.e5 fxe5 18.Bxc6 Nc5 19.Nc3 Rf7 20.Bd5 Rbf8 21.Bxe6 Nxe6
22.Ne4 Nd4 23.Qb2 Nf3+ 24.Kg2 Qb4 25.Rc3 Qb7 26.Re3 h5 27.h4 Nd4 28.Kh3 
Nf5 29.Re2 Qc8 30.Kg2 Nd4 31.Re3 Qc6 32.Kh3 Ne6 33.Qd2 Rf3 34.Kg2 Nd4 35.
Kh3 Qc8+ 36.Kg2 Qg4 37.Ng5 R3f6 38.Kh2 Qc8 39.Kg1 Qc6 40.Qd3 Rf5 41.Qe4 
Qa6 42.a4 Qb6 43.Qd5 e6 44.Nxe6+ Nxe6 45.Qxe6 R5f6 46.Qh3 Rxf2 47.Rxf2 
Qxe3 48.Qg2 e4 49.Kf1 Qc1+ 50.Ke2 Qc2+ 51.Ke1 Qb1+ 52.Ke2 Qd3+ 53.Ke1 Qc3+
54.Ke2 Re8 55.Qh3 Qe5 56.Qd7+ Re7 57.Qd8 Re8 58.Qc7+ Re7 59.Qb8 Kh7 60.Qf8
Qe6 61.Ke3 Rb7 62.b4 Qxc4 63.Qxd6 Qc3+ 64.Ke2 Qc4+ 65.Ke3 Qc1+ 66.Ke2 Rc7 
67.Qd1 Rc2+ 68.Qxc2 Qxc2+ 69.Ke3 Qd3+ 0-1

[Event "FIDE World Ch (w)"]
[Site "Moscow RUS"]
[Date "2001.11.29"]
[Round "2.1"]
[White "Ioseliani, Nana"]
[Black "Dworakowska, Joanna"]
[Result "1/2-1/2"]
[WhiteElo "2497"]
[BlackElo "2350"]
[EventDate "2001.11.27"]
[PlyCount "131"]

1.d4 f5 2.Nc3 Nf6 3.Bg5 d5 4.Bxf6 exf6 5.e3 Be6 6.Bd3 Nc6 7.a3 Qd7 8.Nge2 
O-O-O 9.b4 Bf7 10.Qd2 g6 11.Bb5 Kb8 12.O-O h5 13.Na4 Qd6 14.Nc5 Ne7 15.a4 
Bh6 16.Bd3 h4 17.a5 Rdg8 18.b5 Be8 19.Rfb1 Rg7 20.b6 cxb6 21.axb6 axb6 22.
Qb4 Nc8 23.Qa3 Kc7 24.Nc3 Kd8 25.N5a4 Qxa3 26.Rxa3 Bc6 27.Nxb6 Nxb6 28.
Rxb6 Kc7 29.Rb1 Re7 30.Ra5 Rd8 31.g3 hxg3 32.hxg3 Bf8 33.Bf1 Kd6 34.Bg2 
Ke6 35.Rb6 Red7 36.Ne2 Kf7 37.c4 dxc4 38.Bxc6 bxc6 39.Rxc6 c3 40.Nxc3 Bb4 
41.Raa6 Bxc3 42.Rxc3 Rd6 43.Rc7+ R8d7 44.Rxd7+ Rxd7 45.Kg2 g5 46.Kf3 Kg6 
47.Ra5 Rd8 48.g4 f4 49.Ra7 fxe3 50.fxe3 Rd6 51.Ra5 Rb6 52.Ke4 Rb1 53.d5 
Rb4+ 54.Kf3 Kf7 55.Ra7+ Ke8 56.Ra6 Kf7 57.Ra3 Ke7 58.Rc3 Kd6 59.Rc6+ Ke7 
60.Re6+ Kf7 61.Re4 Rb1 62.d6 Rb7 63.Rc4 Rd7 64.Rc6 Ke6 65.Ke4 Rxd6 66.
Rxd6+ 1/2-1/2

[Event "FIDE World Ch (w)"]
[Site "Moscow RUS"]
[Date "2001.11.30"]
[Round "2.2"]
[White "Dworakowska, Joanna"]
[Black "Ioseliani, Nana"]
[Result "1-0"]
[WhiteElo "2350"]
[BlackElo "2497"]
[EventDate "2001.11.27"]
[PlyCount "59"]

1.e4 c5 2.Nf3 Nc6 3.d4 cxd4 4.Nxd4 Qb6 5.Nb3 Nf6 6.Nc3 e6 7.Bd3 d6 8.O-O 
Be7 9.Kh1 a6 10.Bd2 Qc7 11.f4 b5 12.a3 Bb7 13.Qe2 O-O 14.Rf3 Rfe8 15.Rh3 
Bf8 16.e5 dxe5 17.Bxh7+ Nxh7 18.Qh5 f5 19.Qxh7+ Kf7 20.Rf1 Nd4 21.fxe5 
Nxb3 22.cxb3 Qxe5 23.Bf4 Qf6 24.Rh6 Qd4 25.Qg6+ Kg8 26.Rh7 Qd3 27.Rg1 Bf3 
28.Rh3 Qc2 29.gxf3 e5 30.Nd5 1-0

[Event "FIDE World Ch (w)"]
[Site "Moscow RUS"]
[Date "2001.11.29"]
[Round "2.1"]
[White "Baginskaite, Camilla"]
[Black "Bojkovic, Natasa"]
[Result "1/2-1/2"]
[WhiteElo "2324"]
[BlackElo "2452"]
[EventDate "2001.11.27"]
[PlyCount "66"]

1.d4 Nf6 2.c4 e6 3.Nf3 b6 4.g3 Ba6 5.Nbd2 d5 6.cxd5 exd5 7.Bg2 Be7 8.O-O 
O-O 9.Ne5 Bb7 10.Qc2 c5 11.dxc5 bxc5 12.Ndc4 Nc6 13.Nxc6 Bxc6 14.Rd1 Rc8 
15.Bf4 d4 16.e4 Re8 17.Re1 Nh5 18.Bd2 Bf8 19.Rad1 g6 20.Ba5 Qd7 21.f4 Ba8 
22.b3 Bg7 23.e5 Bf8 24.Bxa8 Rxa8 25.Qg2 Reb8 26.Bd2 f5 27.h3 Qe6 28.g4 Ng7
29.Bc1 Qe8 30.Kh2 Rd8 31.Qb7 Rd7 32.Qf3 Rf7 33.Rg1 Ne6 1/2-1/2

[Event "FIDE World Ch (w)"]
[Site "Moscow RUS"]
[Date "2001.11.30"]
[Round "2.2"]
[White "Bojkovic, Natasa"]
[Black "Baginskaite, Camilla"]
[Result "0-1"]
[WhiteElo "2452"]
[BlackElo "2324"]
[EventDate "2001.11.27"]
[PlyCount "94"]

1.e4 c5 2.Nc3 d6 3.Bb5+ Bd7 4.a4 Nc6 5.d3 g6 6.Nge2 Bg7 7.Bg5 Nf6 8.Qc1 
O-O 9.Bh6 Nd4 10.Bxg7 Kxg7 11.O-O Bxb5 12.axb5 Qb6 13.Nxd4 cxd4 14.Ne2 
Rfc8 15.Qb1 d5 16.exd5 Nxd5 17.Rc1 Nc7 18.c4 dxc3 19.bxc3 Qxb5 20.Qc2 e5 
21.Rab1 Qc6 22.c4 b6 23.Qb2 f6 24.d4 exd4 25.Nxd4 Qc5 26.Nb3 Qe5 27.Qa3 
Re8 28.c5 b5 29.Qa5 Nd5 30.g3 b4 31.Re1 Qc3 32.Rec1 Qf3 33.Nd4 Qe4 34.Nb5 
Qf3 35.Re1 Nc3 36.Qc7+ Kg8 37.Nd6 Ne2+ 38.Rxe2 Rxe2 39.Qf7+ Kh8 40.Rf1 b3 
41.Qc4 b2 42.Qd4 Rb8 43.Rb1 Re1+ 44.Rxe1 b1=Q 45.Qd2 Rb2 46.Nf7+ Kg7 47.
Qh6+ Kg8 0-1

[Event "FIDE World Ch (w)"]
[Site "Moscow RUS"]
[Date "2001.11.30"]
[Round "2.2"]
[White "Xu Yuanyuan"]
[Black "Ciuksyte, Dagne"]
[Result "1/2-1/2"]
[WhiteElo "2431"]
[BlackElo "2255"]
[EventDate "2001.11.27"]
[PlyCount "52"]

1.d4 Nf6 2.c4 e6 3.Nc3 Bb4 4.Qc2 O-O 5.a3 Bxc3+ 6.Qxc3 b6 7.Bg5 Bb7 8.f3 
d6 9.e4 c5 10.d5 Nbd7 11.Nh3 h6 12.Bf4 Qe7 13.Be2 Nh5 14.Be3 exd5 15.exd5 
Rae8 16.Kd2 b5 17.Rhe1 Nb6 18.Bd3 bxc4 19.Bxc5 Qd8 20.Bxb6 Qxb6 21.Qxc4 
Qxb2+ 22.Bc2 Rc8 23.Qd3 Rxc2+ 24.Qxc2 Qd4+ 25.Qd3 Qb2+ 26.Qc2 Qd4+ 1/2-1/2

[Event "FIDE World Ch (w)"]
[Site "Moscow RUS"]
[Date "2001.11.29"]
[Round "2.1"]
[White "Mohota, Nisha"]
[Black "Foisor, Cristina"]
[Result "1/2-1/2"]
[WhiteElo "2236"]
[BlackElo "2423"]
[EventDate "2001.11.27"]
[PlyCount "151"]

1.b3 d5 2.Bb2 c5 3.e3 a6 4.f4 Nc6 5.Nf3 Bg4 6.Be2 Nf6 7.Ne5 Bxe2 8.Qxe2 
Qc7 9.d3 Nd7 10.Nxc6 Qxc6 11.Nd2 e6 12.O-O f6 13.c4 Kf7 14.cxd5 exd5 15.d4
Re8 16.Rac1 Qe6 17.Rf3 Qf5 18.e4 dxe4 19.Re3 Bd6 20.g3 cxd4 21.Bxd4 Rc8 
22.Rxc8 Rxc8 23.Nxe4 Bf8 24.Rc3 Rxc3 25.Nxc3 b5 26.Kg2 Bb4 27.Qe4 Qxe4+ 
28.Nxe4 Ke6 29.Kf3 Kd5 30.Ke3 Nb8 31.Nc3+ Ke6 32.Ne4 h5 33.h3 Nc6 34.g4 
hxg4 35.hxg4 Na5 36.Nc3 Nc6 37.Ne4 Kd5 38.Nc3+ Bxc3 39.Bxc3 b4 40.Bb2 Ne7 
41.a3 f5 42.gxf5 Nxf5+ 43.Kd3 bxa3 44.Bxa3 g6 45.Bb2 Ne7 46.Bf6 Nc6 47.Bc3
Nd8 48.Bd2 Ne6 49.Be3 Nc7 50.Bc1 Nb5 51.Bb2 Kc5 52.Bc3 Nd6 53.Bd2 Kd5 54.
Bc1 Nb7 55.Be3 Na5 56.Kc3 Ke4 57.Bd2 Nc6 58.Kc4 Nd4 59.Kb4 Kd3 60.Bc1 Ke2 
61.Be3 Nxb3 62.Ba7 Nc1 63.Kc4 Kd2 64.Bb8 Ne2 65.Kd5 Ke3 66.Ke6 Nxf4+ 67.
Kf6 a5 68.Kg5 Nd5 69.Kxg6 a4 70.Bd6 Kd4 71.Kf5 Kc4 72.Ke4 Nb4 73.Ke3 a3 
74.Kd2 a2 75.Be5 Nc6 76.Kc2 1/2-1/2